IFM Opac

The diffusion of new industrial processes (Record no. 14028)

MARC details
000 -LEADER
fixed length control field 00324nam a22001337a 4500
022 ## - INTERNATIONAL STANDARD SERIAL NUMBER
International Standard Serial Number 0521204305
082 ## - DEWEY DECIMAL CLASSIFICATION NUMBER
Classification number 338.06 NAB
100 ## - MAIN ENTRY--PERSONAL NAME
Personal name Nabseth, L.
245 ## - TITLE STATEMENT
Title The diffusion of new industrial processes
260 ## - PUBLICATION, DISTRIBUTION, ETC.
Place of publication, distribution, etc. London
Name of publisher, distributor, etc. Cambridge
Date of publication, distribution, etc. 1974
300 ## - PHYSICAL DESCRIPTION
Extent xvii, 324p.
Other physical details ill, 24cm.
500 ## - GENERAL NOTE
General note Include index
942 ## - ADDED ENTRY ELEMENTS (KOHA)
Koha item type Books
Holdings
Withdrawn status Lost status Source of classification or shelving scheme Damaged status Not for loan Home library Current library Shelving location Date acquired Full call number Barcode Date last seen Price effective from Koha item type
    Dewey Decimal Classification     IFM Main Campus Library IFM Main Campus Library   11/14/2015 338.06 NAB 0000005695 11/14/2015 11/14/2015 Books